Odborný ekonomický nemecký jazyk a didakticko-metodické stratégie tvorby učebných materiálov na príklade učebnice pre Národohospodársku fakultu

Didaktika a metodika výučby cudzieho jazyka. Diferencované požiadavky kladené v súčasnosti na výučbu cudzieho jazyka. Pojem komunikatívna kompetencia - charakteristika. Význam výučby odborného nemeckého jazyka pre absolventa Ekonomickej univerzity v Bratislave. Snaha skvalitniť štúdium a výučbu cudz...

ver descrição completa

Na minha lista:
Detalhes bibliográficos
Autor principal: Lišková, Danuša
Outros Autores: Seresová, Katarína, 1967-
Formato: Capítulo de Livro
Idioma:eslovaco
Assuntos:
Tags: Adicionar Tag
Sem tags, seja o primeiro a adicionar uma tag!

MARC

LEADER 00000nla$a2200000$$$4500
001 0089344
005 20240502072010.9
041 0 |a slo 
044 |a SK 
245 1 0 |a Odborný ekonomický nemecký jazyk a didakticko-metodické stratégie tvorby učebných materiálov na príklade učebnice pre Národohospodársku fakultu  |c Danuša Lišková, Katarína Seresová 
520 |a Didaktika a metodika výučby cudzieho jazyka. Diferencované požiadavky kladené v súčasnosti na výučbu cudzieho jazyka. Pojem komunikatívna kompetencia - charakteristika. Význam výučby odborného nemeckého jazyka pre absolventa Ekonomickej univerzity v Bratislave. Snaha skvalitniť štúdium a výučbu cudzích jazykov. 
610 2 0 |a jazyky cudzie 
610 2 0 |a nemčina 
610 2 0 |a výučba vedecká 
610 2 0 |a didaktika 
610 2 0 |a metodika 
100 1 |a Lišková, Danuša 
700 1 |a Seresová, Katarína, 1967-